[Frankofónna Afrika]

Recenzia na učebnicu, ktorá predstavuje krajiny severoafrického Maghrebu ( Alžírsko, Maroko) a západnej Afriky (Mauretánia,Senegal, Guinea-Bissau, Guinea a Pobrežie Slonoviny).

Gespeichert in:
Bibliographische Detailangaben
1. Verfasser: Povchanič, Štefan
Format: Buchkapitel
Sprache:Slowakisch
Schlagworte:
Tags: Tag hinzufügen
Keine Tags, Fügen Sie das erste Tag hinzu!

MARC

LEADER 00000naa a2200000 4500
001 0206654
005 20240502073431.2
041 0 |a slo 
044 |a SK 
245 1 0 |a [Frankofónna Afrika]  |c Štefan Povchanič 
520 |a Recenzia na učebnicu, ktorá predstavuje krajiny severoafrického Maghrebu ( Alžírsko, Maroko) a západnej Afriky (Mauretánia,Senegal, Guinea-Bissau, Guinea a Pobrežie Slonoviny). 
610 2 0 |a recenzie 
610 2 0 |a Afrika 
610 2 0 |a dejiny 
610 2 0 |a geografia 
610 2 0 |a politika medzinárodná 
100 1 |a Povchanič, Štefan